Dictionary of sociology / (Record no. 124356)

MARC details
000 -LEADER
fixed length control field 00571nam a22002057a 4500
005 - DATE AND TIME OF LATEST TRANSACTION
control field 20170124105938.0
010 ## - LIBRARY OF CONGRESS CONTROL NUMBER
LC control number 491676
020 ## - INTERNATIONAL STANDARD BOOK NUMBER
Terms of availability 00.00
International Standard Book Number 710029616
035 ## - SYSTEM CONTROL NUMBER
System control number 491676
037 ## - SOURCE OF ACQUISITION
Source of stock number/acquisition Cen Lib/Ret
040 ## - CATALOGING SOURCE
Original cataloging agency DPL
Language of cataloging EN
082 ## - DEWEY DECIMAL CLASSIFICATION NUMBER
Classification number 301.03
Edition number DIC
245 ## - TITLE STATEMENT
Title Dictionary of sociology /
Statement of responsibility, etc edited by G. Duncan Mitchell
260 ## - PUBLICATION, DISTRIBUTION, ETC. (IMPRINT)
Place of publication, distribution, etc London
Name of publisher, distributor, etc Routledge& kegan paul
Date of publication, distribution, etc 1968
270 ## - ADDRESS
City London
300 ## - PHYSICAL DESCRIPTION
Extent 224p.
Dimensions 20cm(Hb)
650 ## - SUBJECT ADDED ENTRY--TOPICAL TERM
Topical term or geographic name as entry element Sociology
Form subdivision dictionary
9 (RLIN) 10491
700 ## - ADDED ENTRY--PERSONAL NAME
Personal name Mitchell, G. Duncan
9 (RLIN) 10471
942 ## - ADDED ENTRY ELEMENTS (KOHA)
Source of classification or shelving scheme Dewey Decimal Classification
Koha item type English Books
Classification part 301.03
Call number suffix DIC
Holdings
Withdrawn status Lost status Damaged status Not for loan Home library Current library Date acquired Source of acquisition Cost, normal purchase price Total Checkouts Full call number Barcode Date last seen Date checked out Copy number Cost, replacement price Price effective from Koha item type
        Central Library Central Library 16/06/2015 Cen Lib/Ret 0.00 1 301.03 DIC 491676 20/10/2017 06/10/2017 1 0.00 16/06/2015 English Books

© Delhi Public Library
Hit Counter
free hit counter